书目信息 |
| 题名: |
AI商业应用落地
|
|
| 作者: | 肖忠海 , 陈耿宣 著 | |
| 分册: | ||
| 出版信息: | 北京 化学工业出版社 2025.01 |
|
| 页数: | 187页 | |
| 开本: | 24cm | |
| 丛书名: | ||
| 单 册: | ||
| 中图分类: | F716 | |
| 科图分类: | ||
| 主题词: | 人工智能--应用--商业模式--研究 | |
| 电子资源: | ||
| ISBN: | 978-7-122-46433-0 | |
| 000 | 00856nam0 2200253 450 | |
| 001 | 013485447 | |
| 005 | 20251022182743.05 | |
| 010 | @a978-7-122-46433-0@dCNY69.80 | |
| 100 | @a20250311d2025 em y0chiy0120 ea | |
| 101 | 0 | @achi |
| 102 | @aCN@b110000 | |
| 105 | @aa z 000yy | |
| 106 | @ar | |
| 200 | 1 | @aAI商业应用落地@9AI shang ye ying yong luo di@f肖忠海,陈耿宣著 |
| 210 | @a北京@c化学工业出版社@d2025.01 | |
| 215 | @a187页@c图@d24cm | |
| 330 | @a本书分为5篇共12章,包含AI商业应用概述、AI在不同行业的商业应用、AI在企业管理中的应用、AI商业应用场景与工具介绍、未来展望。 | |
| 510 | 1 | @aAI applications in business@zeng |
| 606 | 0 | @a人工智能@x应用@x商业模式@x研究 |
| 690 | @aF716@v5 | |
| 701 | 0 | @a肖忠海@9xiao zhong hai@4著 |
| 701 | 0 | @a陈耿宣@9chen geng xuan@4著 |
| 801 | 0 | @aCN@c20250910 |
| 905 | @a河南城建学院图书馆@dF716@eX295@ZX295@f1 | |
| AI商业应用落地/肖忠海,陈耿宣著.-北京:化学工业出版社,2025.01 |
| 187页:图;24cm |
| ISBN 978-7-122-46433-0:CNY69.80 |
| 本书分为5篇共12章,包含AI商业应用概述、AI在不同行业的商业应用、AI在企业管理中的应用、AI商业应用场景与工具介绍、未来展望。 |
| ● |
| 相关链接 |
|
|
|
正题名:AI商业应用落地
索取号:F716/X295
 
预约/预借
| 序号 | 登录号 | 条形码 | 馆藏地/架位号 | 状态 | 备注 |
| 1 | 1634065 | 216340653 | 社科库409/409社科库 45排6列3层/ [索取号:F716/X295] | 在馆 |